00806nam a2200169 a 450000100100000000500170001000800410002704000250006808200150009311101760010824501630028426000470044730000200049450400270051470000300054171000650057100001703020200929165016.0100316s1986 dr r 000 0 spa d aDO-SdBNPbspacBNPHU axxxxbxxxx2 aSignificado y naturaleza de la educación rural. Consideraciones sobre su problemática lineamientos generales. Estrategia de acción /d(1984 abr. 28 :cSanto Domingo)10aGeneralidades sobre política de educación rural en la República Dominicana :bdocumento básico para estudio y discusión /cJaime A. Viñas Román. aSanto Domingo :bTaller,bFUNDEJUR,c1986. a21 p. ;c20 cm. aBibliografía : p. 211 aViñas Román, Jaime A.2 aFundación Nacional para el Desarrollo de la Juventud Rural